Presidents of Ireland - Statistics

General Stats
  • This quiz has been taken 416 times
  • The average score is 6 of 9
Answer Stats
Term of Office Nominated By President % Correct
2011-Present Labour Party Michael D. Higgins
91%
1959-1973 Fianna Fáil Éamon de Valera
89%
1990-1997 Labour Party Mary Robinson
89%
1997-2011 Fianna Fáil Mary McAleese
81%
1938-1945 All Party Douglas Hyde
66%
1973-1974 Fianna Fáil Erskine H. Childers
47%
1976-1990 Fianna Fáil Patrick Hillery
46%
1974-1976 All Party Cearbhall Ó Dálaigh
33%
1945-1949 Fianna Fáil Seán T. O'Kelly
31%
No matching quizzes found
Score Distribution
Percent of People with Each Score
Percentile by Number Answered
Your Score History
You have not taken this quiz